000
00319nam a22001337a 4500
005
20250812163243.0
020
_a
978-81-88135-62-2
082
_a
811.214.21 SAS
100
_a
SASTRI, Acharya Kapil
245
_a
Hanuman kee bal leelayen
260
_a
New Delhi
_b
Anurodh Prakashan
_c
2023
300
_a
96p.
942
_c
BK
999
_c
75474
_d
75474